| 000 | 01280nam a2200349 a 4500 | ||
|---|---|---|---|
| 001 | 000025477 | ||
| 005 | 20250207130002.0 | ||
| 008 | 110217s1987 dr ad 000 0 spa d | ||
| 040 |
_aDO-SdBNP _bspa _cBNPHU |
||
| 082 |
_a305.42 _bM953r |
||
| 245 | 0 | 3 |
_aLa mujer rural dominicana / _cFrancis Pou ... [et. al]. |
| 260 |
_aSanto Domingo : _bCIPAF, _c1987. |
||
| 300 |
_a241 p. : _bil., tabls. ; _c21 cm. |
||
| 504 | _aBibliografía: p. 233-241. | ||
| 590 | _aInventariado, 2018/MFF | ||
| 650 | 0 |
_aMujeres en República Dominicana _92066 |
|
| 650 | 0 |
_aMujeres en desarrollo rural _921070 |
|
| 650 | 4 |
_aMujeres campesinas _zRepública Dominicana _952105 |
|
| 650 | 4 |
_aMujeres _zRepública Dominicana _xCondiciones sociales _921072 |
|
| 650 | 4 |
_aMujeres en el desarrollo social _921073 |
|
| 700 | 1 |
_aPou, Francis _952106 |
|
| 700 | 1 |
_aArango, Amparo _952107 |
|
| 700 | 1 |
_aDottin, Milagros _952108 |
|
| 700 | 1 |
_aFernández, Brinella _952109 |
|
| 700 | 1 |
_aGrant, Lidia _952110 |
|
| 700 | 1 |
_aHernández, Pastora _92568 |
|
| 700 | 1 |
_aLizardo, Magdalena _938602 |
|
| 700 | 1 |
_aMones, Belkis _952111 |
|
| 700 | 1 |
_aRosado, Altagracia _952112 |
|
| 710 | 2 |
_aCentro de Investigación para la Acción Femenina (República Dominicana) _922613 |
|
| 910 | _aValidado. Control de calidad EMS | ||
| 999 |
_c24969 _d24969 |
||